| 000 | 00781nam a22001577a 4500 | ||
|---|---|---|---|
| 003 | OSt | ||
| 005 | 20150909161656.0 | ||
| 008 | 150909b xxu||||| |||| 00| 0 eng d | ||
| 040 | _cRUA | ||
| 082 | _aAGR ប្រាក់ 1994 B010 | ||
| 100 |
_9194 _aប្រាក់ ចាន់សោភា |
||
| 245 | _aការសិក្សារពីអណ្តូងទឹកដែលអង្គការហ្គ្រេតបានស្ថាបនាឡើងនៅស្រុកបាភ្នំ : ការប្រើប្រាស់ក្នុងពេលបច្ចុប្បន្ននិងលទ្ធភាពកែលំអគុណភាពទឹកអណ្តូង | ||
| 260 |
_aPhnom Penh _bRUA _c1994 |
||
| 300 |
_a98p. _bill. _c29cm. |
||
| 942 |
_2ddc _cAGR |
||
| 999 |
_c174 _d174 |
||